| 000 | 00517nam a2200217 454500 | ||
|---|---|---|---|
| 001 | 053988 | ||
| 003 | BD-ChCU | ||
| 008 | Eng | ||
| 020 | _a0632056339 | ||
| 040 |
_aDLC _cDLC _dBD-ChCU |
||
| 082 | 0 | 0 | _a574.0685/M213m |
| 100 | 1 |
_aMagurran, Anne E. _bx |
|
| 245 | 1 | 0 |
_aMeasuring biological diversity _bx |
| 250 | _ax | ||
| 260 |
_aMalden _bBlackwell Pub. _c2004 |
||
| 300 | _aviii,256 | ||
| 504 | _aIncludes | ||
| 650 | 0 |
_aBiological diversity - Measurement _bBiology |
|
| 700 | 1 | _ax | |
| 942 |
_2ddc _cBK |
||
| 999 |
_c53988 _d53988 |
||